000 00812nam a2200277Ia 4500
003 GCL
005 20240530101811.0
008 140319s9999 xx 000 0 ara d
040 _aGCL /
_cGCL
082 0 4 _a962.39
_bق/غ ف
100 1 _aعبده الراجحى
245 1 0 _aفهرس مخطوطات المسجد الاحمدى بطنطا /
_cعبده الراجحى
260 _a[S.N] :
_bجامعة الاسكندرية ،
_c1964
300 _a150 ص
650 0 4 _aمصر
650 0 4 _aمساجد
650 0 4 _aالوثائق
650 0 4 _aالمخطوطات
650 0 4 _aالمتاحف
650 0 4 _aطنطا
650 0 4 _aالاضرحة
650 0 4 _aالمسجد الاحمدى
700 1 _aعلى سامى النشار
700 1 _aجلال ابوالفتوح
942 _2ddc
_cBK
999 _c27794
_d27794